| 000 | 00601nam a2200133Ia 4500 | ||
|---|---|---|---|
| 008 | 220620s9999||||xx |||||||||||||| ||und|| | ||
| 100 | _aNancy , Jean-Luc | ||
| 245 | 0 | _aDies Irae | |
| 546 | _aEnglish[eng] | ||
| 650 | _alaw||judgement||justice||normativity||Kant||reason | ||
| 700 | _aCondello, Angela||Grassi , Carlo||Philippopoulos-Mihalopoulos , Andreas | ||
| 856 | _uhttps://library.oapen.org/bitstream/20.500.12657/24806/1/dies-irae.pdf||https://library.oapen.org/bitstream/20.500.12657/24806/1/dies-irae.pdf||https://library.oapen.org/bitstream/20.500.12657/24806/1/dies-irae.pdf | ||
| 942 | _cEB | ||
| 999 |
_c27291 _d27291 |
||